000 00484nam a2200169 a 4500
001 000034817
005 20200930073925.0
008 111020s1922 ru 000 0 spa d
040 _aDO-SdBNP
_bspa
_cBNPHU
082 _aXXXX
100 1 _aRomains, Jules
_960335
245 1 0 _aLucienne /
_cJules Romains.
250 _a92a ed.
260 _aParis :
_bGallimard,
_c1922.
300 _a250 p. ;
_c18 cm.
590 _aPerteneció a la biblioteca personal de Juan Isidro Jimenes Grullón.
999 _c34308
_d34308